Life and Correspondence of Thomas Valpy French, 1st Bishop of Lahore (Record no. 2854)

MARC details
000 -LEADER
fixed length control field 00740nam a2200241 a 4500
020 ## - INTERNATIONAL STANDARD BOOK NUMBER
ISBN
082 00 - DEWEY DECIMAL CLASSIFICATION NUMBER
Classification number 201
Author Cutter BIR
100 ## - MAIN ENTRY--AUTHOR NAME
Author name Birks, Herbert
245 ## - TITLE STATEMENT
Title Life and Correspondence of Thomas Valpy French, 1st Bishop of Lahore
260 ## - PUBLICATION, DISTRIBUTION, ETC. (IMPRINT)
Place of publication London
Name of publisher John Murray
Year of publication 1895
300 ## - PHYSICAL DESCRIPTION
Number of Pages 407p
500 ## - GENERAL NOTE
General note includes index and biblioraphy
505 2# - FORMATTED CONTENTS NOTE
Formatted contents note Index
505 2# - FORMATTED CONTENTS NOTE
Formatted contents note Index00
942 ## - ADDED ENTRY ELEMENTS (KOHA)
Koha item type Books
700 1# -
-- Birks, Herbert
Holdings
Home library Current library Date acquired Cost, normal purchase price Full call number Accession Number Koha item type
Henry Martyn Institute Library Henry Martyn Institute Library 08/01/2019 100.00 201 BIR C1 3238 Books
Henry Martyn Institute Library Henry Martyn Institute Library 08/01/2019 100.00 201 BIR C.2 3239 Books
                   Copyright © 2026 | Henry Martyn Institute | Hyderabad | TS-500052 | INDIA | Implemented by hmi.edu.in
Hit-Count:

Powered by Koha